000 nam a22 a 4500
999 _c185383
_d185383
003 BLK
005 20221215091633.0
008 180411b bul|||||r ||||||| ||bul||
010 _aKNG00194376000
040 _aBLK
041 _aBUL
_cBUL
080 _aВодни транспортни средства. Морски транспортни средства. Плавателни съдове. Кораби. Корабостроене
_b629.5
_x(075.32)
_z629.5(075.32)
100 1 _aКалев, Христо Иванов
_eпърви автор
_9279367
139 _aКалев, Христо Иванов и др.
_bК 16
245 1 0 _aСпециална технология по корабостроене
_bУчебник за III курс на СПТУ по корабостроене
_cХристо Иванов Калев; съавт. Цанко Илиев Лапаков; съавт. Димо Георгиев Дерибеев.
250 _a2. изд.
257 _aBGR
260 _bТехника
_c1981
_fЯмбол : Г. Димитров
_aСофия
300 _a248 с.
_bс черт., 1 л. сх.
_c22 см
380 _a62
500 _a1. изд. 1976. - 2 570 тир.
650 4 _aКорабостроене
_9159429
650 4 _aУчебници - за средните училища
_9265747
700 1 _aЛапаков, Цанко Илиев
_eсъавт.
_9343788
700 1 _aДерибеев, Димо Георгиев
_eсъавт.
_9343789
852 _aЦб 107817
_bЦб
856 4 _qpdf
_i0.00
_ldisable
856 4 _qpdf
_i0.00
_ldisable
942 _cKNG
_n0
_s1
944 _aCR
_c25.10.2016
_kКети_Илиева
944 _aED
_c25.10.2016
_kКети_Илиева
944 _aED
_c2022-12-15
_kМикаела Микова-Илиева
999 _d185383
999 _d185383